Восемь украинских напевов (Запись № 10545309)

Подробности
000 -МАРКЕР
контрольное поле 03427ncm0a2200457 4500
001 - ИДЕНТИФИКАТОР ЗАПИСИ
контрольное поле RU\NLR\ONIZ\208787
005 - ИДЕНТИФИКАТОР ВЕРСИИ
контрольное поле 20250624194953.0
035 ## - ДРУГИЕ СИСТЕМНЫЕ НОМЕРА
Идентификатор записи (NLR Aleph) 010889656
100 ## - ДАННЫЕ ОБЩЕЙ ОБРАБОТКИ
Данные общей обработки 20150210d2013 |||y0rusy50 ca
101 0# - ЯЗЫК РЕСУРСА
Язык текста, звукозаписи и т.д. русский
Язык сопроводительного материала (кроме либретто, краткого содержания и аннотаций) русский
-- украинский
102 ## - СТРАНА ПУБЛИКАЦИИ ИЛИ ПРОИЗВОДСТВА
Страна публикации Российская Федерация
125 ## - ПОЛЕ КОДИРОВАННЫХ ДАННЫХ: ЗВУКОЗАПИСИ И НОТНЫЕ ИЗДАНИЯ
Форма изложения нотного текста ax
145 0# - ПОЛЕ КОДИРОВАННЫХ ДАННЫХ: СРЕДСТВО ИСПОЛНЕНИЯ МУЗЫКАЛЬНОГО ПРОИЗВЕДЕНИЯ (УСТАРЕВШЕЕ)
Тип средства исполнения b
200 1# - ЗАГЛАВИЕ И СВЕДЕНИЯ ОБ ОТВЕТСТВЕННОСТИ
Основное заглавие Восемь украинских напевов
Общее обозначение материала Ноты
Сведения, относящиеся к заглавию для флейты и фп.
Первые сведения об ответственности обраб. В. Соловьева
210 ## - ПУБЛИКАЦИЯ, РАСПРОСТРАНЕНИЕ И ДР.
Место издания, распространения и т.д. Санкт-Петербург
Имя издателя, распространителя и т. д. Знакъ
Дата издания, распространения и т.д. 2013
215 ## - ФИЗИЧЕСКАЯ ХАРАКТЕРИСТИКА
Специфическое обозначение материала и объем 16 с.
Другие сведения о физической характеристике ил.
Размеры 29 см
300 ## - ОБЩИЕ ПРИМЕЧАНИЯ
Текст примечания На тит. л. предисл. авт. обраб.
300 ## - ОБЩИЕ ПРИМЕЧАНИЯ
Текст примечания На с. 2 обл.: дарств. надпись В. Г. Соловьева
313 ## - ПРИМЕЧАНИЯ, ОТНОСЯЩИЕСЯ К ТЕМАТИЧЕСКОМУ ДОСТУПУ
Текст примечания Систематизация документа проведена по изданию - Методика классифицирования музыкальных произведений (нотных изданий) по таблицам Библиотечно-библиографических классификаций : метод. рекомендации / Гос. б-ка СССР им. В.И. Ленина.- М., 1977. Индексу ББК методических рекомендаций присваивается код ББК для научных библиотек - LBC/SL
327 1# - ПРИМЕЧАНИЯ О СОДЕРЖАНИИ
Текст примечания 1. Черные брови = Чорнii брови;
-- 2. Где лад в семье = Де згода в сiмействе;
-- 3. Дует ветер = (Гуде вiтер);
-- 4. Гандзя;
-- 5. Солнце заходит = (Солнце низенько);
-- 6. Ой. Обруч сломался = (Ой, лопнув обруч);
-- 7. Не пой, соловей = (Не щебечи, соловейко);
-- 8. Ой, дивчина, шумит гай = (Ой, дiвчино, шумить гай)
464 #0 - АНАЛИТИЧЕСКИЙ УРОВЕНЬ
Встроенное поле 2001#$aЧерные брови$dЧорнii брови$zukr
-- 215##$aС.2-3
Заглавие Черные брови
464 #0 - АНАЛИТИЧЕСКИЙ УРОВЕНЬ
Встроенное поле 2001#$aГде лад в семье$dДе згода в сiмействе$zukr
-- 215##$aС.4-5
Заглавие Где лад в семье
464 #0 - АНАЛИТИЧЕСКИЙ УРОВЕНЬ
Встроенное поле 2001#$aДует ветер$d(Гуде вiтер)$zukr
Заглавие Дует ветер
464 #0 - АНАЛИТИЧЕСКИЙ УРОВЕНЬ
Встроенное поле 2001#$aГандзя
-- 215##$aС.8-9
Заглавие Гандзя
464 #0 - АНАЛИТИЧЕСКИЙ УРОВЕНЬ
Встроенное поле 2001#$aСолнце заходит$d(Солнце низенько)$zukr
-- 215##$aС.10-11
Заглавие Солнце заходит
464 #0 - АНАЛИТИЧЕСКИЙ УРОВЕНЬ
Встроенное поле 2001#$aОй. Обруч сломался$d(Ой, лопнув обруч)$zukr
-- 215##$aС.12-13
Заглавие Ой. Обруч сломался
464 #0 - АНАЛИТИЧЕСКИЙ УРОВЕНЬ
Встроенное поле 2001#$aНе пой, соловей$d(Не щебечи, соловейко)$zukr
-- 215##$aС.14-15
Заглавие Не пой, соловей
464 #0 - АНАЛИТИЧЕСКИЙ УРОВЕНЬ
Встроенное поле 2001#$aОй, дивчина, шумит гай$d(Ой, дiвчино, шумить гай)$zukr
-- 215##$aС.16
Заглавие Ой, дивчина, шумит гай
606 1# - НАИМЕНОВАНИЕ ТЕМЫ КАК ПРЕДМЕТ
Наименование темы Обработки народных песен
Географический подзаголовок Украина-Россия
Хронологический подзаголовок 20-21 в.
Формальный подзаголовок Ноты
Код системы nlr_sh
686 ## - ИНДЕКСЫ ДРУГИХ КЛАССИФИКАЦИЙ
Индекс Щ957.22-42-092(2Р)
Издание LBC/SL
Код системы
700 #1 - ИМЯ ЛИЦА - ПЕРВИЧНАЯ ОТВЕТСТВЕННОСТЬ
Системный номер авторитетной/нормативной записи z01790
Начальный элемент ввода Соловьев
Часть имени, кроме начального элемента ввода В. Г.
Даты 1937-
Расширение инициалов личного имени Владислав Георгиевич
Код отношения Редактор
Графика поля Кириллица
790 #1 - ИМЯ ЛИЦА - АЛЬТЕРНАТИВНАЯ ФОРМА
Системный номер авторитетной/нормативной записи z01700
Начальный элемент ввода Solov`yev
Часть имени, кроме начального элемента ввода V. G.
Даты 1937-
Расширение инициалов личного имени Vladislav Georgievich
Код отношения Редактор
801 #0 - ИСТОЧНИК ЗАПИСИ
Страна Российская Федерация
Организация NLR
Дата составления 20150210
Правила каталогизации PSBO
801 #1 - ИСТОЧНИК ЗАПИСИ
Страна Российская Федерация
Организация NLR
Дата составления 20150210
Источник данных rusmarc
801 #2 - ИСТОЧНИК ЗАПИСИ
Страна Российская Федерация
Организация NLR
Дата составления 20151105
852 ## - МЕСТОНАХОЖДЕНИЕ И ШИФР ХРАНЕНИЯ
Идентификатор организации NLR
Наименование фонда или коллекции (Sub-Location Identifier) М
Шифр хранения (Call Number) 986/509
Страна
Номер экземпляра 1
942 ## - ДОПОЛНИТЕЛЬНЫЕ ЭЛЕМЕНТЫ ЗАПИСИ (АБИС)
Тип экземпляра АБИС Ноты
980 ## - КОЛЛЕКЦИЯ
Название коллекции Национальная библиография
980 ## - КОЛЛЕКЦИЯ
Название коллекции Отдел нот и звукозаписей
Экземпляры
Тип экземпляра Дата поступления Библиотека постоянного хранения Библиотека текущего хранения Место хранения Шифр хранения Статус экземпляра
Ноты 10.02.2015 РНБ (Московский) РНБ (Московский) Фонд нот и звукозаписей 986/509 986/509